[Event "World-chT Rapid"]
[Site "Duesseldorf"]
[Date "2023.08.28"]
[Round "12"]
[White "Niering, Martin"]
[Black "Korchynskyi, Mykola"]
[Result "0-1"]
[WhiteElo "2156"]
[BlackElo "2016"]
[PlyCount "68"]
[EventDate "2023.08.26"]
[EventType "team-swiss (rapid)"]
[EventRounds "12"]
[EventCountry "GER"]
[SourceTitle "CBM 215 Extra"]
[Source "ChessBase"]
[SourceDate "2023.09.30"]
[SourceVersion "1"]
[SourceVersionDate "2023.09.30"]
[SourceQuality "1"]
[WhiteTeam "Magdeburg and Friends"]
[BlackTeam "Chess Wizzards"]
[WhiteTeamCountry "GER"]
[BlackTeamCountry "UKR"]

1. e4 e6 2. d4 d5 3. e5 c5 4. c3 Nc6 5. Nf3 Qb6 6. Bd3 Bd7 7. dxc5 Bxc5 8. 0-0 a5 9. Nbd2 Qc7 10. Nb3 Bb6 11. Qe2 a4 12. Nbd4 Bxd4 13. cxd4 Nge7 14. Be3 0-0 15. Bxh7+ Kxh7 16. Ng5+ Kg6 17. Qd3+ f5 18. Rac1 Qb6 19. g4 Qa6 20. Qb1 Nxd4 21. Kh1 Ne2 22. Rg1 Nxg1 23. Rxg1 d4 24. gxf5+ Rxf5 25. Bxd4 Qe2 26. Rg3 Rg8 27. Bc5 Bc6+ 28. Kg1 b6 29. Ne4+ Kh6 30. Qc1+ g5 31. Bxe7 Qxe4 32. f3 Qd4+ 33. Kg2 Bxf3+ 34. Rxf3 Qe4 0-1

[Event "Sachsen-Anhalt-ch Masters"]
[Site "Magdeburg"]
[Date "2022.10.29"]
[Round "2"]
[White "Goergens, Michael"]
[Black "Niering, Martin"]
[Result "1/2-1/2"]
[WhiteElo "2073"]
[BlackElo "2147"]
[PlyCount "103"]
[EventDate "2022.10.29"]
[EventType "swiss"]
[EventRounds "7"]
[EventCountry "GER"]
[SourceTitle "CBM 211 Extra"]
[Source "ChessBase"]
[SourceDate "2023.01.31"]
[SourceVersion "1"]
[SourceVersionDate "2023.01.31"]
[SourceQuality "1"]

1. e4 e5 2. Nf3 Nf6 3. Nc3 Nc6 4. Bc4 Nxe4 5. Nxe4 d5 6. Bb5 dxe4 7. Nxe5 Qg5 8. d4 Qxg2 9. Rf1 a6 10. Bxc6+ bxc6 11. Qh5 g6 12. Qg5 Bh3 13. Qxg2 Bxg2 14. Rg1 Bh3 15. Nxc6 Bd6 16. Bg5 f5 17. c4 Bg4 18. c5 Kd7 19. cxd6 Kxc6 20. Rc1+ Kxd6 21. Bf4+ Ke6 22. Rc6+ Kd5 23. Rc5+ Ke6 24. d5+ Kf6 25. Rc6+ Kf7 26. Rxc7+ Kf6 27. Rc6+ Kf7 28. Kd2 Rhd8 29. d6 Ke6 30. Rgc1 g5 31. Bxg5 Rxd6+ 32. Ke3 Rxc6 33. Rxc6+ Kd5 34. Rc7 h5 35. b4 Rb8 36. Rc5+ Ke6 37. a3 Rb6 38. Bf4 Bd1 39. Kd4 Be2 40. Rc7 Rb5 41. Rc6+ Kd7 42. Rh6 a5 43. Bd2 axb4 44. axb4 Bf3 45. Ra6 Rd5+ 46. Kc3 Be2 47. Rf6 Rd3+ 48. Kc2 Rf3 49. Be3 Ke7 50. Bg5 Kd7 51. Be3 Ke7 52. Bg5 1/2-1/2

[Event "Berlin Spandau op"]
[Site "Berlin"]
[Date "2017.12.28"]
[Round "4"]
[White "Niering, Martin"]
[Black "Fiedorek, Michal"]
[Result "1/2-1/2"]
[WhiteElo "2214"]
[BlackElo "1972"]
[PlyCount "96"]
[EventDate "2017.12.27"]
[EventType "swiss"]
[EventRounds "7"]
[EventCountry "GER"]
[SourceTitle "CBM 182 Extra"]
[Source "ChessBase"]
[SourceDate "2018.02.23"]
[SourceVersion "1"]
[SourceVersionDate "2018.02.23"]
[SourceQuality "1"]

1. e4 c5 2. Nf3 d6 3. d4 cxd4 4. Nxd4 Nf6 5. Nc3 Nc6 6. Bg5 e6 7. Qd2 a6 8. 0-0-0 Bd7 9. Be2 b5 10. Qe3 Qa5 11. Nb3 Qc7 12. f4 b4 13. Bxf6 gxf6 14. Nb1 a5 15. Nd4 Nxd4 16. Qxd4 Rc8 17. Bd3 Ke7 18. g3 h5 19. Nd2 Bb5 20. Nc4 Bxc4 21. Bxc4 Bh6 22. Bd3 Qc5 23. Qxc5 Rxc5 24. Kb1 Rhc8 25. Rhf1 a4 26. a3 bxa3 27. bxa3 d5 28. exd5 Rxd5 29. Ka2 f5 30. Rb1 h4 31. Rb7+ Kf6 32. gxh4 Rd4 33. Rb4 Rcd8 34. Rf3 Bf8 35. Rxd4 Rxd4 36. c3 Rd8 37. h5 Kg7 38. h4 Kh6 39. Bc2 Rd2 40. Kb2 Rh2 41. c4 Kxh5 42. Kc3 Bxa3 43. Bxa4 Bc5 44. Be8 Kg4 45. Rd3 Rxh4 46. Bxf7 Rh3 47. Bxe6 Rxd3+ 48. Kxd3 Kxf4 1/2-1/2

[Event "Kiel op 30th"]
[Site "Kiel"]
[Date "2017.07.31"]
[Round "5"]
[White "Niering, Martin"]
[Black "Bendel, Ralf"]
[Result "1/2-1/2"]
[WhiteElo "2225"]
[BlackElo "2124"]
[PlyCount "83"]
[EventDate "2017.07.29"]
[EventType "swiss"]
[EventRounds "9"]
[EventCountry "GER"]
[SourceTitle "EXT 2018"]
[Source "ChessBase"]
[SourceDate "2017.10.13"]
[SourceVersion "1"]
[SourceVersionDate "2017.10.13"]
[SourceQuality "1"]

1. e4 c5 2. Nf3 d6 3. c3 Nf6 4. Be2 Nbd7 5. Qc2 e6 6. 0-0 Be7 7. d4 cxd4 8. cxd4 Nb6 9. Nc3 Bd7 10. e5 Nfd5 11. Ne4 Ba4 12. b3 Rc8 13. Qd2 Bc6 14. exd6 Bxd6 15. Nxd6+ Qxd6 16. Ne5 0-0 17. a4 Qb4 18. a5 Qxd2 19. Bxd2 Nd7 20. Nxc6 Rxc6 21. Rfc1 Rxc1+ 22. Rxc1 a6 23. Bf3 N7f6 24. g4 h6 25. h4 Rd8 26. g5 hxg5 27. hxg5 Ne8 28. Bxd5 exd5 29. Bf4 Kf8 30. Kg2 Rd7 31. Rc8 Ke7 32. Rb8 Nd6 33. Kf3 Nf5 34. Be3 f6 35. Kg4 Nxe3+ 36. fxe3 fxg5 37. Kxg5 Kd6 38. Kf5 Re7 39. b4 Kc7 40. Rg8 Kc6 41. Kf4 Kd6 42. Kf3 1/2-1/2

[Event "Oberliga Ost-A 1617"]
[Site "Germany"]
[Date "2016.11.19"]
[Round "2.5"]
[White "Wendling, Florian"]
[Black "Niering, Martin"]
[Result "1-0"]
[WhiteElo "1994"]
[BlackElo "2226"]
[PlyCount "95"]
[EventDate "2016.10.16"]
[EventType "team-tourn"]
[EventRounds "11"]
[EventCountry "GER"]
[SourceTitle "EXT 2018"]
[Source "ChessBase"]
[SourceDate "2017.10.13"]
[SourceVersion "1"]
[SourceVersionDate "2017.10.13"]
[SourceQuality "1"]
[WhiteTeam "Naumburg"]
[BlackTeam "Magdeburg Rochade"]
[WhiteTeamCountry "GER"]
[BlackTeamCountry "GER"]

1. e4 c6 2. d4 d5 3. exd5 cxd5 4. c4 Nf6 5. Nc3 e6 6. Nf3 Bb4 7. Qa4+ Nc6 8. a3 Be7 9. c5 0-0 10. Bd3 e5 11. dxe5 Ng4 12. Bf4 Bxc5 13. 0-0 Re8 14. Rae1 d4 15. Ne4 Bf8 16. Nd6 Bxd6 17. exd6 Bd7 18. Rxe8+ Bxe8 19. h3 Nce5 20. Qxd4 Nxd3 21. Qxd3 Nf6 22. Re1 Bc6 23. Nd4 Qa5 24. Re5 Qb6 25. b4 Rd8 26. Nf5 Bd7 27. Ne7+ Kh8 28. Be3 Qa6 29. Qxa6 bxa6 30. Bxa7 Bb5 31. Bc5 g6 32. Nd5 Ne8 33. Nc7 f6 34. Rd5 Bc6 35. Rd4 Kg7 36. Nxa6 Kf7 37. Nc7 Ng7 38. f3 Ne6 39. Nxe6 Kxe6 40. Rd1 h5 41. Kf2 g5 42. Ke3 Ke5 43. Bb6 Rd7 44. Bc7 f5 45. Rc1 f4+ 46. Kf2 Ba4 47. Rc5+ Kf6 48. b5 1-0